00293 a2200121 4500001000700000020001800007040001100025100002700036240004800063245004300111300000800154362000900162160123 a85-7007-038-1 cMagnum aNovaes, Carlos Eduardo10aA história de Cândido Urbano urubulpor10aA história de Cândido Urbano urubu a1300 a1995